000 00434nam a2200157Ia 4500
008 230711s9999||||xx |||||||||||||| ||und||
041 _aENG
082 _a621.381
_bJA-D
100 _aJain ,R.P
245 0 _aDigital electronics and microprocessors : problem and soluations
250 _a1st Ed.
260 _c1987
_aNew Delhi
_bTata McGraw Hill Education Limited
300 _a524
650 _aElectronics Engineering
942 _cBK
999 _c1738
_d1738